000 01206nam a2200277 a 4500
001 000017824
003 DO-SdBNP
005 20260304085435.0
008 100406s2001 dr 000 0 spa d
020 _a9993420239
040 _aDO-SdBNP
_bspa
_cBNPHU
082 4 _a972.9305
_bP349j
100 1 _aPeña Gomez, Jose Francisco ,
_d1937-1998
_92994
245 1 0 _aJosé Francisco Peña Gómez :
_binternacional, socialdemócrata e inmortal : selección de discursos, alocuciones y cartas a propósito de la Reunión Mundial de la Internacional Socialista /
_c José Francisco Peña Gómez ; prefacio, Hatuey de Camps.
260 _aSanto Domingo :
_bManatí,
_c2001.
300 _a445 p. ;
_c23 cm.
500 _aIncluye referencias bibliográficas y notas al pie de las páginas.
590 _aInventariado, 2019/MFF
610 2 0 _aInternacional Socialista (1951- )
_938721
650 4 _aPolítica mundial
_y1975-1985
_938722
650 4 _aPolítica mundial
_y1985-1995
_938723
651 4 _aRepública Dominicana
_xPolítica y gobierno
_y1961-
_9204
700 1 _aCamps Jiménez, Hatuey de
_d1947-2016
_955856
710 2 0 _aInternacional Socialista (1951- ).
_bCongreso
_988282
942 _2ddc
_cLBS1
999 _c17348
_d17348